Útok na hašovaciu funkciu MD4
Salvato in:
| Autore principale: | |
|---|---|
| Altri autori: | |
| Natura: | Manoscritto Libro |
| Lingua: | slovacco |
| Pubblicazione: |
Bratislava :
STU v Bratislave FEI,
2011
|
| Soggetti: | |
| Accesso online: | VAIS |
| Tags: |
Nessun Tag, puoi essere il primo ad aggiungerne!!
|
MARC
| LEADER | 00000ntm a22000003a 4500 | ||
|---|---|---|---|
| 001 | stu229249 | ||
| 005 | 20150617230148.4 | ||
| 008 | 110707s2011----xo------------------slo-d | ||
| 040 | |a STU |b slo | ||
| 041 | 0 | |a slo | |
| 044 | |a xo | ||
| 100 | 1 | |a Bella, Michal, |d 1987- |4 aut |u E |T FEI Fakulta elektrotechniky a informatiky |X 36085 |U E |Y 30 |7 A000036085 | |
| 242 | 0 | 0 | |a The attack against hash function MD4 |y eng |
| 245 | 1 | |a Útok na hašovaciu funkciu MD4 | |
| 260 | |a Bratislava : |b STU v Bratislave FEI, |c 2011 | ||
| 300 | |a 73 s | ||
| 650 | 7 | |a Aplikovaná informatika |2 stusub | |
| 650 | 7 | |a Applied Infromatics |2 estusub | |
| 650 | 7 | |a properties |2 estusub | |
| 650 | 7 | |a vlastnosti |2 stusub | |
| 700 | 1 | |a Vojvoda, Milan, |d 1976- |4 ths |u E050 |U FEI Fakulta elektrotechniky a informatiky |T FEI Ústav informatiky a matematiky |X 1885 |U E050 |Y 816 |7 A000001885 | |
| 856 | 4 | |a info a plný text |u http://is.stuba.sk/zp/portal_zp.pl?podrobnosti=71777 |3 VAIS | |
| 996 | |b 284EP09899 |c E*DIPL-9899 |l EE35 |s P |a 0 |w stu229249_0001 | ||